Drapeaux mais avec des Gens - Statistiques

Statistiques générales
  • Ce quiz a été pris 14 fois
  • Le résultat moyen est 13 sur 15
Réponses sur la Carte
Les réponses sont colorées sur une échelle allant du rouge au vert en fonction du pourcentage des utilisateurs qui les ont devinées à leur premier essai. Vous pouvez retrouver ces pourcentages ci-dessous.
 
Statistiques - réponses
Réponse % Correct
Brésil
100%
Sri Lanka
100%
Antigua-et-Barbuda
92%
Azerbaïdjan
92%
Panama
92%
Papouasie-Nouvelle-Guinée
92%
Slovénie
92%
Érythrée
85%
Fidji
85%
Moldavie
85%
Ouganda
85%
République Centrafricaine
85%
Tanzanie
85%
Timor Oriental
85%
Vanuatu
85%
Aucun quiz correspondant
Distribution des résultats
% des personnes avec chaque résultat
Percentile par nombre de réponses
Votre historique - résultats
Vous n’avez pas pris ce quiz